| 000 | 00513nam a2200169Ia 4500 | ||
|---|---|---|---|
| 003 | GCL | ||
| 008 | 140319s9999 xx 000 0 eng d | ||
| 040 |
_aGCL / _cGCL |
||
| 082 | 0 | 4 |
_a327.094064 _bH R |
| 100 | 1 | _aHOUSE OF LORDS | |
| 245 | 1 | 0 |
_aRELATIONS BETWEEN THE EU AND THE MAGHREB COUNTRIES / _cHOUSE OF LORDS |
| 260 |
_a[S.N] : _bHOUSE OF LORDS ، _c1995 |
||
| 650 | 0 | 4 | _aINTERNATIONAL RELATIONS |
| 650 | 0 | 4 | _aEUROPE - INTERNATIONAL RELATIONS |
| 650 | 0 | 4 | _aMOROCO - INTERNATIONAL RELATION |
| 942 |
_2ddc _cBK |
||
| 999 |
_c15236 _d15236 |
||